000 00844nam a2200217 i 4500
001 bg
245 0 0 _aRaport na temat rezultatów negocjacji o członkostwo Rzeczypospolitej Polskiej w Unii Europejskiej /
_cMinisterstwo Spraw Zagranicznych - Urząd Komitetu Integracji Europejskiej.
260 _aWarszawa :
_bUrząd Komitetu Integracji Europejskiej,
_ccop. 2003.
300 _a70, [1] s. ;
_c26 cm.
650 9 _aUnia Europejska a Polska
_xnegocjacje akcesyjne
650 9 _aHarmonizacja prawa
_zPolska
650 9 _aPolska a Unia Europejska
_xnegocjacje akcesyjne
710 0 _aMinisterstwo Spraw Zagranicznych
_bUrząd Komitetu Integracji Europejskiej
020 _a8389218801
040 _cBPK
041 0 _apol
080 _a341.24(438:4-67)
920 _a83-89218-80-1
942 _cKS
008 s pl f |000 0 pol
999 _c42621
_d42621
856 _uhttp://koha.tu.koszalin.pl/cgi-bin/koha/opac-detail.pl?biblionumber=42621
_yKatalog online BPK